000 00845nam a22002175i 4500
001 48203
003 ES-MaACL
005 20250809063456.0
007 t|
008 950726s1814 sp ||||1| spa d
040 _aCAM
_bspa
_cCAM
100 1 _aChateaubriand, François-René,
_cvicomte de,
_d1768-1848
_938177
245 1 0 _aDe Buonaparte y de los borbones /
_cpor F. A. de Chateaubriand; traducido al castellano por José Joaquín de Mora.
260 _aEn Cadiz :
_b[s.n.],
_c1814 (
_fen la imprenta de Ramón Howe)
300 _a64, [4] p. ;
_c20 cm.
600 0 4 _aNapoleón
_bI
_c, Emperador de Francia.
_984910
651 4 _aFrancia-
_xHistoria-
_y1589-1789, Casa de Borbón.
_9151680
700 1 _aMora, José Joaquín de (
_d1783-1864)
_982860
852 _aES-MaACL
_jR-3093(8)
_x Olim:T-132-F
999 _c48203
_d48203